Formula One Host Countries - Statistics

General Stats
  • This quiz has been taken 260 times
  • The average score is 18 of 21
Answer Stats
Country % Correct
United States
96%
United Kingdom
95%
Italy
94%
Australia
93%
Austria
92%
Germany
92%
France
91%
Brazil
89%
Japan
89%
Spain
87%
China
86%
Belgium
85%
Hungary
84%
Canada
83%
Russia
82%
Monaco
80%
Bahrain
79%
Mexico
79%
Azerbaijan
76%
United Arab Emirates
74%
Singapore
72%
No matching quizzes found
Score Distribution
Percent of People with Each Score
Percentile by Number Answered
Your Score History
You have not taken this quiz